000
00253nam a22000977a 4500
999
_c
532019
_d
532019
082
_a
747.75
_b
MEE
100
_a
Mee, Brad.
245
_a
Design is in the Details living spaces /
942
_2
ddc
_c
BK